The new 1966 annotation : The Stock corporation law (Kabushiki-kaisha hō) of Japan.

সংরক্ষণ করুন:
গ্রন্থ-পঞ্জীর বিবরন
সংস্থা লেখক: The Japan Business Law Research Institute.
বিন্যাস: গ্রন্থ
ভাষা:Undetermined
প্রকাশিত: Tokyo Trade Bulletin Corp 1966
বিষয়গুলি:
ট্যাগগুলো: ট্যাগ যুক্ত করুন
কোনো ট্যাগ নেই, প্রথমজন হিসাবে ট্যাগ করুন!
Thư viện lưu trữ: Trung tâm Học liệu Trường Đại học Cần Thơ
LEADER 00619nam a2200205Ia 4500
001 CTU_106959
008 210402s9999 xx 000 0 und d
082 |a 332.06 
082 |b J35 
110 |a The Japan Business Law Research Institute. 
245 4 |a The new 1966 annotation : 
245 4 |b The Stock corporation law (Kabushiki-kaisha hō) of Japan. 
245 4 |c The Japan Business Law Research Institute. 
260 |a Tokyo 
260 |b Trade Bulletin Corp 
260 |c 1966 
650 |a Corporation law 
650 |z Japan 
904 |i Năm 
980 |a Trung tâm Học liệu Trường Đại học Cần Thơ